000 00779nam a2200217 u 4500
005 20230905063600.0
008 130215s2011 r 000 0 eng d
020 _a9786074014228
035 _aUPN01000189610
049 _aCG
050 4 _aH61.3
_bA5.3
245 0 0 _aAnálisis cualitativo asistido por computadora :
_bteoría e investigación /
_ccoord. César A. Cisneros Puebla.
260 _aMéxico :
_bUniversidad Autónoma Metroplitana, Unidad Iztapalapa :
_bPorrúa,
_cc2011.
300 _a283 p :
_bcuadros, il.
440 4 _aLas ciencias sociales.
_psociología
650 4 _aCIENCIAS SOCIALES -
_xPROCESAMIENTO DE DATOS
_910478
650 4 _aInvestigación cualitativa
_97104
700 1 _aCisneros Puebla, César A.,
_ecoord.
905 _aLibro
999 _c161713
_d161713